000 00459nam a2200157Ia 4500
999 _c20407
_d20407
003 OSt
005 20200707145445.0
008 190216s9999||||xx |||||||||||||| ||und||
040 _coclc
082 _a951
_bPAL/H
100 _aPalafox, Senor
_93631
245 0 _aHistory Of The Conquest Of China /
_c Senor Palafox
260 _bDeep&Deep Publications,
_c1978.
_aNewdelhi:
300 _a272p
942 _cBK
_2ddc
_h951
_iPAL/H
_k951
_mPAL/H